000
00327nam a22001457a 4500
008
230703b ||||| |||| 00| 0 eng d
020
_a
0534406912
041
_a
eng
080
_2
SECOND EDITION
_a
575
082
_a
575CRA
100
_a
13
101
_a
BIK
245
_a
INTRODUCTORY CHEMISTRY
_c
CRACOLICE
942
_2
udc
_c
BK
999
_c
60069
_d
60069